|
|
|
|
| LEADER |
00000nam0a2200000 4500 |
| 001 |
7773 |
| 005 |
20231030181323.0 |
| 010 |
|
|
|a 577910087X
|
| 035 |
|
|
|a (RuTPU)RU\TPU\book\7818
|
| 035 |
|
|
|a BOOK00007877
|
| 090 |
|
|
|a 7773
|
| 100 |
|
|
|a 20011209d1998 km y0rusy50 ca
|
| 101 |
1 |
|
|a rus
|c eng
|
| 102 |
|
|
|a RU
|
| 105 |
|
|
|a a gj 000zy
|
| 200 |
1 |
|
|a Microsoft Internet Explorer 4 в подлиннике
|e Наиболее полное руководство
|e пер. с англ.
|f Д. О'Доннел, Э. Лэдд
|
| 210 |
|
|
|a СПб.
|c BHV-Санкт-Петербург
|d 1998
|
| 215 |
|
|
|a 720 с.
|c ил.
|
| 225 |
1 |
|
|a В подлиннике
|
| 610 |
1 |
|
|a компьютерные сети
|
| 610 |
1 |
|
|a программы
|
| 610 |
1 |
|
|a браузеры
|
| 610 |
1 |
|
|a Internet
|
| 610 |
1 |
|
|a Интернет
|
| 610 |
1 |
|
|a Internet Explorer 4
|
| 610 |
1 |
|
|a Outlook Express
|
| 610 |
1 |
|
|a FrontPage Express
|
| 610 |
1 |
|
|a NetMeeting
|
| 610 |
1 |
|
|a Microsoft Office 97
|
| 610 |
1 |
|
|a JavaScript
|
| 610 |
1 |
|
|a справочные пособия
|
| 610 |
1 |
|
|a практические пособия
|
| 675 |
|
|
|a 681.324.06
|v 3
|
| 700 |
|
1 |
|a О'Доннел
|b Д.
|
| 701 |
|
1 |
|a Лэдд
|b Э.
|
| 801 |
|
0 |
|a RU
|b 63413507
|c 20011209
|g PSBO
|
| 801 |
|
2 |
|a RU
|b 63413507
|c 20170321
|g PSBO
|
| 942 |
|
|
|c BK
|